<?xml version="1.0" encoding="UTF-8"?>
<record
    xmlns:xsi="http://www.w3.org/2001/XMLSchema-instance"
    xsi:schemaLocation="http://www.loc.gov/MARC21/slim http://www.loc.gov/standards/marcxml/schema/MARC21slim.xsd"
    xmlns="http://www.loc.gov/MARC21/slim">

  <leader>00704nam a2200217Ia 4500</leader>
  <controlfield tag="003">IN-BaIIA</controlfield>
  <controlfield tag="008">211028s9999    xx            000 0 eng d</controlfield>
  <datafield tag="020" ind1=" " ind2=" ">
    <subfield code="a">3-540-43504-2</subfield>
  </datafield>
  <datafield tag="040" ind1=" " ind2=" ">
    <subfield code="c">IIA Library</subfield>
  </datafield>
  <datafield tag="080" ind1=" " ind2=" ">
    <subfield code="a">535</subfield>
    <subfield code="b">OHT</subfield>
  </datafield>
  <datafield tag="245" ind1=" " ind2="0">
    <subfield code="a">Progress in nano-electro-optics</subfield>
    <subfield code="b">I, basics and theory of near-field optics</subfield>
    <subfield code="c">edited by M. Ohtsu                                            </subfield>
  </datafield>
  <datafield tag="260" ind1=" " ind2=" ">
    <subfield code="a">Berlin</subfield>
    <subfield code="b">Springer</subfield>
    <subfield code="c">2003</subfield>
  </datafield>
  <datafield tag="300" ind1=" " ind2=" ">
    <subfield code="a">xiv,161p.</subfield>
  </datafield>
  <datafield tag="490" ind1=" " ind2=" ">
    <subfield code="a">Springer series in optical sciences</subfield>
  </datafield>
  <datafield tag="650" ind1=" " ind2=" ">
    <subfield code="a">Electro optics</subfield>
  </datafield>
  <datafield tag="650" ind1=" " ind2=" ">
    <subfield code="a">Fluoroscence spectroscopy</subfield>
    <subfield code="9">27794</subfield>
  </datafield>
  <datafield tag="650" ind1=" " ind2=" ">
    <subfield code="a">Nano technology</subfield>
    <subfield code="9">27795</subfield>
  </datafield>
  <datafield tag="650" ind1=" " ind2=" ">
    <subfield code="a">Near-field microscopy</subfield>
    <subfield code="9">27796</subfield>
  </datafield>
  <datafield tag="700" ind1=" " ind2=" ">
    <subfield code="a">Ohtsu, M.,ed.</subfield>
    <subfield code="9">27797</subfield>
  </datafield>
  <datafield tag="942" ind1=" " ind2=" ">
    <subfield code="c">BK</subfield>
  </datafield>
  <datafield tag="999" ind1=" " ind2=" ">
    <subfield code="c">15164</subfield>
    <subfield code="d">15164</subfield>
  </datafield>
  <datafield tag="952" ind1=" " ind2=" ">
    <subfield code="0">0</subfield>
    <subfield code="1">0</subfield>
    <subfield code="4">0</subfield>
    <subfield code="7">0</subfield>
    <subfield code="a">BAN</subfield>
    <subfield code="b">HOS</subfield>
    <subfield code="c">GEN</subfield>
    <subfield code="d">2003-07-09</subfield>
    <subfield code="e">SSB   </subfield>
    <subfield code="g">3363.20</subfield>
    <subfield code="l">0</subfield>
    <subfield code="o">535/ OHT</subfield>
    <subfield code="p">16086</subfield>
    <subfield code="r">2021-11-05</subfield>
    <subfield code="v">3363.20</subfield>
    <subfield code="w">2003-07-09</subfield>
    <subfield code="y">BK</subfield>
    <subfield code="G">Rs. 3363.20  </subfield>
  </datafield>
</record>
